00419nam a2200133Ia 4500008004100000020001800041082001500059100002900074245007600103260003200179300001000211500004100221650002300262120629s9999 xx 000 0 und d a968-7681-15-2 a657.1 E42p aElizondo López, Arturo aProceso contable 2 : contabilidad fundamental / Arturo Elizondo López aAustralia : Ecafsa, Thomson a422 p aBibliografía e índice de figuras a1. CONTABILIDADÌ